000 00433nam a2200181Ia 4500
001 2436
005 20260306144807.0
008 260306t1999||||xx |||||||||||||| ||spa||
041 _aESP
082 _a616.89
_bR47
100 _aGonzalez, Rey
_eAUT
245 0 _aLa psiquiatria y sus nombres. diccionario de eponimos
260 _c1999
300 _apágs. :
_ccm.
650 _aGEN
654 _aCPS
942 _cDIC
_dJUS
_fJUS
_2ddc
_n
999 _c2436
_d2436